000 00375 a2200169 4500
001 183061
020 _a85-00-00306-5
040 _cMagnum
100 _aMelo Neto, Joao Cabral de
240 1 0 _aEntre o sertao e sevilha
_lpor
245 1 0 _aEntre o sertao e sevilha
300 _a109
362 0 _a1997
440 1 _aEdiouro
697 _aLITERATURA GERAL
942 _cBK
999 _c183061
_d183061